Представление документа в формате RUSMARC

ПолеНазваниеЗначение
  Тип записи a
  Библиографический уровень m
001 Контрольный номер RU/ГПНТБ России/IBIS/26.89(253)/Б 37-595825455
005 Дата корректировки 20260609160651.3
010 Индекс ISBN __
a ISBN 978-5-353-11784-1
b Уточнения в пер.
9 Тираж 3000
100 Данные общей обработки __
a Данные общей обработки 20260609d2025 cd y0rusy5050 ca
101 Язык документа 0_
a Язык текста rus
102 Страна публикации __
a Страна публикации RU
105 Кодированные данные (монография) __
a Кодированные данные (монография) a gz 000yy
181 Поле кодированных данных: вид содержания _0
a Код вида содержания (ISBD) i
182 Поле кодированных данных: тип средства _0
a Код типа средства (ISBD) n
200 Заглавие и сведения об ответственности 1_
a Заглавие Таинственные места России. Алтай, Байкал, Урал
f Первые сведения об ответственности Надежда Бегичева
g Последующие сведения об ответственности рисунки Полины Надъярной
203 Вид содержания и тип средства __
c Тип средства непосредственный
a Вид содержания Текст
210 Выходные данные 1_
a Место издания Москва
c Издательство Росмэн
d Дата издания 2025
215 Физическое описание __
a Объем 60, [3] с.
c Иллюстрации/тип воспроизводства цв. ил.
d Формат 29 см
330 Аннотация __
a Аннотация Виртуальное путешествие по загадочным местам России вместе с любознательной ящеркой Марком способно надолго и всерьез увлечь читателя, пробудить в нем интерес к истории и культуре российских регионов, желание посетить самые далекие уголки Родины. Легенды, призраки, старинные клады, древние обряды – все это словно оживает на страницах, но книга остается при этом научно-познавательной и дает читателю много интереснейшей уникальной информации. Стильные иллюстрации П. Надъярной добавляю издания таинственного очарования
333 Примечание о целевом назначении __
a Примечание о целевом назначении для детей младшего возраста, 5-10 лет
333 Примечание о целевом назначении __
a Примечание о целевом назначении для детей среднего возраста, 9-14 лет
517 Другие варианты заглавия 1_
a Другие варианты заглавия Алтай
517 Другие варианты заглавия 1_
a Другие варианты заглавия Байкал
517 Другие варианты заглавия 1_
a Другие варианты заглавия Урал
686 Индексы других классификаций __
2 Код системы rubbk
a Классификационный индекс 26.89(253)
700 Автор _1
a Фамилия Бегичева
b Имя Н.
g Полное личное имя Надежда
4 Код отношения 070
702 Вторичная интеллектуальная ответственность _1
a Фамилия Надъярная
b Имя П.
g Полное личное имя Полина
4 Код отношения 440
801 Источник записи _0
8 ARU
8 BРГДБ
8 C20251205
801 Источник записи _1
8 ARU
8 BРГДБ
8 C20251205
801 Источник записи _2
8 ARU
8 BРГДБ
8 C20260120
2 Код формата rusmarc
801 Источник записи _0
b Организация ГПНТБ России
a Страна RU
c Дата составления 20260609
801 Источник записи _1
b Организация ГПНТБ России
a Страна RU
c Дата составления 20260609
852 Данные о местонахождении 5_
a Наименование организации ГПНТБ России
m Суффикс шифра хранения 1106099
b Сигла хранения ЦГБ
p Инвентарный номер RU
899 Данные о местонахождении __
a Местонахождение ГПНТБ России
p Штрих-код 1106099
b Место хранения ЦГБ
h Классификационная часть РШ 26.89(253)
i Авторский знак Б 37
901 Тип документа __
a Ответственный заим.